| 000 | 00756nam a2200217Ia 4500 | ||
|---|---|---|---|
| 003 | GCL | ||
| 008 | 140319s9999 xx 000 0 ara d | ||
| 040 |
_aGCL / _cGCL |
||
| 082 | 0 | 4 |
_a812.9 _bع ا |
| 100 | 1 | _aعبدالرحمن الشرقاوى | |
| 245 | 1 | 0 |
_aابن تيمية الفقية المعذب / _cعبدالرحمن الشرقاوى |
| 260 |
_a[S.N] : _bالهيئة المصرية العامة للكتاب ، _c1988 |
||
| 300 | _a257 | ||
| 490 |
_aمؤلفات عبدالرحمن الشرقاوى _v0 |
||
| 650 | 0 | 4 | _aالاسلام |
| 650 | 0 | 4 | _aالفقه الاسلامى |
| 650 | 0 | 4 | _aالفقهاء |
| 650 | 0 | 4 | _aالفقه الحنبلى |
| 650 | 0 | 4 | _aابن تيمية، تقى الدين ابوالعباس |
| 942 |
_2ddc _cBK |
||
| 999 |
_c29039 _d29039 |
||